Українська література кінця ХІХ - початку ХХ ст. і античність (Шляхи сприйняття і засвоєння) (Запис № 335291)

МАРК-запис
000 -Лідер
fixed length control field 00776nam a22002297a 4500
003 - Ідентифікатор контрольного номера
control field UA-OsUOA
001 - Контрольний номер
control field 49184
007 - Фіксоване поле фізичного опису
fixed length control field ta
008 - Елементи даних фіксованої довжини – загальна інформація
fixed length control field 20070925b un ||||| |||| 00| 0 ukr d
090 ## - Локальний шифр розміщення
Класифікаційний індекс УДК 82.09(477)
Авторський знак (НП) Т86
040 ## - Джерело каталогізації
Агенція оригінальної каталогізації UA-OsUOA
Мова каталогізації ukr
Агенція, яка здійснювала перезапис UA-OsUOA
Агенція, яка здійснювала модифікацію UA-OsUOA
041 ## - Код мови
Код мови тексту/ звукової доріжки чи окремого заголовка (П) ukr
080 ## - Індекс Універсальної десяткової класифікації
Індекс Універсальної десяткової класифікації (УДК) (НП) 82.09(477)
100 ## - Основне введення – ім’я особи
Ім’я особи (НП) Турган О. Д.
245 ## - Відомості про назву
Назва (НП) Українська література кінця ХІХ - початку ХХ ст. і античність (Шляхи сприйняття і засвоєння)
Решта назви (НП) монографія
260 ## - Публікація, розповсюдження і т.п. (Вихідні дані)
Місце публікації, розповсюдження і т.п. (П) К.
Ім’я/ наймення видавництва, розповсюджувача і т.п. (П) ІЛ ім. Т. Г. Шевченка НАНУ
Дата публікації, розповсюдження і т.п. (П) 1995
300 ## - Фізичний опис
Обсяг 176 с.
650 #7 - Додаткове предметне введення – тематичний термін
Тематичний термін чи географічна назва, як елемент введення (НП) 82 Література. Літературознавство
Джерело заголовка чи терміна UDC
942 ## - Додаткові елементи входу (Коха)
Тип елемента Koha Книги
955 ## - Код типу видання за змістом
Код типу видання за змістом (НП) Наукові видання
Фонди
Стан вилучень Стан втрат Джерело класифікації або схеми стелажів Стан уражень Не для кредиту Код колекції Постійне місце розташування Поточне розміщення Дата придбання Джерело придбання Вартість, звичайна ціна покупки Інвентарний номер Усього замовленно Повний номер виклику Штрих-код Дата останнього перегляду Ціна ефективна від Тип елемента Koha Примітка, призначена для загального доступу
    Universal Decimal Classification     Колекція Жулинського М.Г. ЧЗ - Читальна зала ЧЗ - Читальна зала 25/09/2007 142/2007 2.00 107705   82.09(477) Т86 107705 06/02/2022 25/09/2007 Книги  
    Universal Decimal Classification     Колекція Пасічника І.Д. ЧЗ - Читальна зала ЧЗ - Читальна зала 23/12/2015 54/2015 10.00 150194   82.09(477) Т86 150194 07/02/2022 25/09/2007 Книги з автографом О. Тургана